Datum a čas kvízu
28.5
Celkem bodů
Celkový počet nahraných bodů na tomto kvízu bez doplňovacích otázek.
5.
Pořadí na kvízu
Konečné umístění týmu na tomto kvízu.
Zaznamenané odpovědi
| # | Otázka | Odpověď | Body | Výsledky |
|---|---|---|---|---|
| 1. | Novou Miss Czech Republic se v... | Karolína Kopíncová | 0 | |
| 2. | Slovenský premiér Igor Matovič... | plagiátorství | 1 | |
| 3. | Muž, který vyhrál v místní lot... | Darth Vader | 0 | |
| 4. | V mladoboleslavské Škodě, konk... | Slavia | 0 | |
| 5. | Pandemie koronaviru zapříčinil... | Zlatý míč | 0 | |
| 6. | Nyní se podíváme na některé dr... | Závěsné popruhy. | 0 | |
| 7. | Při následujícím tréninku použ... | BOSU | 1 | |
| 8. | Na fotografii vidíme jeden z n... | plank (též prkno) | 1 | |
| 9. | Sportovní aktivity často prová... | 1 kcal = 4 kJ | 1 | |
| 10. | Na závěr tématu si pustíme vid... | Jumping | 1 |